Direito Civil simplificado Contratos

Detalles Bibliográficos
Autor principal: Dower, Nelson Godoy Bassil
Formato: eBook
Lenguaje:portugués
Publicado: Sô Paulo : Editora NELPA, 2010
Materias:
Acceso en línea:http://www.vlex.com/source/6764

MARC

LEADER 00000nam a22000007a 4500
005 20130218162041.0
007 cr|||| ||||
008 130218e2010 bl |||||s|||| 00| 0 por d
020 |a 85-8020-006-5 
035 |a 6764 
040 |a vLex 
090 |c 3673  |d 3673 
100 1 0 |a Dower, Nelson Godoy Bassil 
245 1 0 |a Direito Civil simplificado  |b Contratos  |h [Recurso electrn̤ico]  
256 |a Servicio en ln̕ea 
260 |a Sô Paulo :  |b Editora NELPA,   |c 2010 
300 |a 1 Recurso electrn̤ico 
650 0 4 |a Derecho civil  |z Brasil 
740 |a vLex Libros (Servicio en ln̕ea) 
856 |a Acceso restringido  |u http://www.vlex.com/source/6764 
942 |c BOOK 
999 0 |a Civil law